Statistics for Pokemon Quiz (First 3 generations)

Click here to take the quiz!

General Stats

  • This quiz has been taken 1,469 times
    (1,465 since last reset)
  • The average score is 302 of 386

Answer Stats

HintAnswer% Correct
009Blastoise
97%
001Bulbasaur
97%
006Charizard
97%
004Charmander
97%
005Charmeleon
97%
002Ivysaur
97%
007Squirtle
97%
151Mew
96%
025Pikachu
96%
008Wartortle
96%
150Mewtwo
95%
026Raichu
95%
003Venusaur
95%
015Beedrill
94%
012Butterfree
94%
010Caterpie
94%
011Metapod
94%
018Pidgeot
94%
017Pidgeotto
94%
016Pidgey
94%
013Weedle
94%
144Articuno
93%
149Dragonite
93%
147Dratini
93%
136Flareon
93%
074Geodude
93%
014Kakuna
93%
134Vaporeon
93%
148Dragonair
92%
133Eevee
92%
022Fearow
92%
092Gastly
92%
076Golem
92%
093Haunter
92%
135Jolteon
92%
146Moltres
92%
019Rattata
92%
021Spearow
92%
145Zapdos
92%
063Abra
91%
024Arbok
91%
023Ekans
91%
094Gengar
91%
075Graveler
91%
129Magikarp
91%
095Onix
91%
020Raticate
91%
065Alakazam
90%
059Arcanine
90%
152Chikorita
90%
035Clefairy
90%
044Gloom
90%
058Growlithe
90%
130Gyarados
90%
039Jigglypuff
90%
064Kadabra
90%
068Machamp
90%
067Machoke
90%
066Machop
90%
043Oddish
90%
143Snorlax
90%
041Zubat
90%
036Clefable
89%
125Electabuzz
89%
042Golbat
89%
126Magmar
89%
034Nidoking
89%
031Nidoqueen
89%
029 | 032Nidoran
89%
030Nidorina
89%
033Nidorino
89%
038Ninetales
89%
027Sandshrew
89%
028Sandslash
89%
045Vileplume
89%
037Vulpix
89%
153Bayleef
88%
155Cyndaquil
88%
160Feraligatr
88%
106Hitmonlee
88%
124Jynx
88%
140Kabuto
88%
154Meganium
88%
052Meowth
88%
053Persian
88%
156Quilava
88%
123Scyther
88%
255Torchic
88%
158Totodile
88%
157Typhlosion
88%
100Voltorb
88%
040Wigglytuff
88%
069Bellsprout
87%
132Ditto
87%
101Electrode
87%
088Grimer
87%
107Hitmonchan
87%
250Ho-Oh
87%
141Kabutops
87%
131Lapras
87%
258Mudkip
87%
089Muk
87%
172Pichu
87%
078Rapidash
87%
121Starmie
87%
120Staryu
87%
252Treecko
87%
142Aerodactyl
86%
257Blaziken
86%
109Koffing
86%
081Magnemite
86%
122Mr. Mime
86%
138Omanyte
86%
139Omastar
86%
060Poliwag
86%
061Poliwhirl
86%
062Poliwrath
86%
077Ponyta
86%
128Tauros
86%
197Umbreon
86%
071Victreebel
86%
070Weepinbell
86%
113Chansey
85%
159Croconaw
85%
087Dewgong
85%
050Diglett
85%
051Dugtrio
85%
244Entei
85%
116Horsea
85%
249Lugia
85%
082Magneton
85%
137Porygon
85%
254Sceptile
85%
086Seel
85%
110Weezing
85%
251Celebi
84%
239Elekid
84%
196Espeon
84%
118Goldeen
84%
383Groudon
84%
163Hoothoot
84%
115Kangaskhan
84%
382Kyogre
84%
259Marshtomp
84%
117Seadra
84%
119Seaking
84%
080Slowbro
84%
079Slowpoke
84%
245Suicune
84%
260Swampert
84%
073Tentacruel
84%
256Combusken
83%
084Doduo
83%
253Grovyle
83%
240Magby
83%
056Mankey
83%
164Noctowl
83%
127Pinsir
83%
243Raikou
83%
384Rayquaza
83%
208Steelix
83%
072Tentacool
83%
248Tyranitar
83%
049Venomoth
83%
048Venonat
83%
169Crobat
82%
085Dodrio
82%
246Larvitar
82%
057Primeape
82%
173Cleffa
81%
162Furret
81%
174Igglybuff
81%
099Kingler
81%
098Krabby
81%
247Pupitar
81%
112Rhydon
81%
161Sentret
81%
263Zigzagoon
81%
096Drowzee
80%
237Hitmontop
80%
097Hypno
80%
380Latias
80%
381Latios
80%
046Paras
80%
047Parasect
80%
378Regice
80%
377Regirock
80%
379Registeel
80%
111Rhyhorn
80%
114Tangela
80%
091Cloyster
79%
083Farfetch'd
79%
264Linoone
79%
261Poochyena
79%
090Shellder
79%
242Blissey
78%
268Cascoon
78%
386Deoxys
78%
055Golduck
78%
385Jirachi
78%
230Kingdra
78%
262Mightyena
78%
054Psyduck
78%
212Scizor
78%
265Wurmple
78%
371Bagon
77%
267Beautifly
77%
269Dustox
77%
102Exeggcute
77%
108Lickitung
77%
376Metagross
77%
373Salamence
77%
266Silcoon
77%
199Slowking
77%
175Togepi
77%
104Cubone
76%
103Exeggutor
76%
105Marowak
76%
176Togetic
76%
236Tyrogue
76%
374Beldum
75%
375Metang
75%
233Porygon2
75%
372Shelgon
75%
238Smoochum
75%
276Taillow
75%
168Ariados
74%
282Gardevoir
74%
229Houndoom
74%
270Lotad
74%
322Numel
74%
280Ralts
74%
167Spinarak
74%
277Swellow
74%
181Ampharos
73%
182Bellossom
73%
323Camerupt
73%
330Flygon
73%
228Houndour
73%
281Kirlia
73%
165Ledyba
73%
271Lombre
73%
272Ludicolo
73%
179Mareep
73%
241Miltank
73%
186Politoed
73%
227Skarmory
73%
218Slugma
73%
278Wingull
73%
309Electrike
72%
180Flaaffy
72%
214Heracross
72%
166Ledian
72%
350Milotic
72%
279Pelipper
72%
273Seedot
72%
289Slaking
72%
287Slakoth
72%
328Trapinch
72%
320Wailmer
72%
321Wailord
72%
304Aron
71%
349Feebas
71%
219Magcargo
71%
310Manectric
71%
183Marill
71%
274Nuzleaf
71%
275Shiftry
71%
363Spheal
71%
201Unown
71%
329Vibrava
71%
306Aggron
70%
334Altaria
70%
184Azumarill
70%
170Chinchou
70%
187Hoppip
70%
189Jumpluff
70%
305Lairon
70%
171Lanturn
70%
296Makuhita
70%
312Minun
70%
311Plusle
70%
319Sharpedo
70%
188Skiploom
70%
333Swablu
70%
324Torkoal
70%
357Tropius
70%
288Vigoroth
70%
356Dusclops
69%
355Duskull
69%
295Exploud
69%
297Hariyama
69%
294Loudred
69%
200Misdreavus
69%
365Walrein
69%
293Whismur
69%
178Xatu
69%
354Banette
68%
346Cradily
68%
314Illumise
68%
345Lileep
68%
337Lunatone
68%
177Natu
68%
299Nosepass
68%
369Relicanth
68%
353Shuppet
68%
338Solrock
68%
216Teddiursa
68%
217Ursaring
68%
313Volbeat
68%
202Wobbuffet
68%
359Absol
67%
347Anorith
67%
298Azurill
67%
318Carvanha
67%
366Clamperl
67%
368Gorebyss
67%
367Huntail
67%
198Murkrow
67%
291Ninjask
67%
302Sableye
67%
364Sealeo
67%
285Shroomish
67%
185Sudowoodo
67%
348Armaldo
66%
286Breloom
66%
336Seviper
66%
292Shedinja
66%
235Smeargle
66%
215Sneasel
66%
234Stantler
66%
360Wynaut
66%
193Yanma
66%
335Zangoose
66%
190Aipom
65%
206Dunsparce
65%
370Luvdisc
65%
290Nincada
65%
221Piloswine
65%
223Remoraid
65%
192Sunflora
65%
191Sunkern
65%
220Swinub
65%
203Girafarig
64%
362Glalie
64%
308Medicham
64%
307Meditite
64%
195Quagsire
64%
213Shuckle
64%
300Skitty
64%
327Spinda
64%
194Wooper
64%
343Baltoy
63%
344Claydol
63%
222Corsola
63%
301Delcatty
63%
232Donphan
63%
210Granbull
63%
303Mawile
63%
224Octillery
63%
231Phanpy
63%
225Delibird
62%
205Forretress
62%
316Gulpin
62%
226Mantine
62%
204Pineco
62%
209Snubbull
62%
283Surskit
62%
331Cacnea
61%
332Cacturne
61%
351Castform
61%
352Kecleon
61%
211Qwilfish
61%
315Roselia
61%
317Swalot
61%
339Barboach
60%
358Chimecho
60%
284Masquerain
60%
361Snorunt
60%
340Whiscash
60%
341Corphish
59%
342Crawdaunt
58%
207Gligar
58%
326Grumpig
57%
325Spoink
57%

Score Distribution

Percentile by Number Answered

Percent of People with Each Score

Your Score History

You have not taken this quiz since the last reset